| 000 | 00636nam a2200229Ia 4500 | ||
|---|---|---|---|
| 003 | OSt | ||
| 005 | 20220928130912.0 | ||
| 006 | a|||||r|||| 00| 0 | ||
| 007 | ta | ||
| 008 | 220927b |||||||| |||| 00| 0 eng d | ||
| 024 | _a36028 | ||
| 037 | _cTextual | ||
| 040 |
_aSDCL _cSDCL _beng |
||
| 041 |
_2eng _aeng |
||
| 082 | _aX:(G:55).20m436'P, P3 | ||
| 100 |
_aWilderer Martin _9476515 |
||
| 245 | 0 | _aEconomic growth,environment and development. | |
| 260 |
_aNewDelhi _bManak _c2003 |
||
| 300 |
_axxiii,295p _ccm. |
||
| 942 |
_hX:(G:55).20m436'P, P3 _cTEXL _2CC |
||
| 999 |
_c789004 _d789004 |
||